000
00274nam a22001097a 4500
082
_a
604.2 WAR'E
100
_a
WARD, G. B. C
_9
40209
245
_a
ENGINEERING DRAWING JUNIOR TECHANICAL SCHOOL
260
_a
LONDON
_b
ENGLISH UNIVERSITIES
_c
1956
300
_a
195P
942
_c
BK
999
_c
567548
_d
567548